Olivia Rodrigo SOUR Song Quiz - Statistics

General Stats
  • This quiz has been taken 726 times
    719 since last reset
  • The average score is 10 of 11
Answer Stats
Album Track # Song Title % Correct
SOUR 3 drivers license
95%
SOUR 1 brutal
94%
SOUR 6 good 4 u
94%
SOUR 2 traitor
93%
SOUR 5 deja vu
91%
SOUR 9 jealousy, jealousy
89%
SOUR 10 favorite crime
88%
SOUR 8 happier
88%
SOUR 11 hope ur ok
88%
SOUR 4 1 step forward, 3 steps back
82%
SOUR 7 enough for you
82%
No matching quizzes found
Score Distribution
Percent of People with Each Score
Percentile by Number Answered
Your Score History
You have not taken this quiz since the last reset